The Preliminary Report of the Committee of Experts on Constitutional Review Issued on the Publication of the Harmonized Draft Constitution (Record no. 800)
[ view plain ]
| 000 -LEADER | |
|---|---|
| fixed length control field | 00414nam a22001097a 4500 |
| 008 - FIXED-LENGTH DATA ELEMENTS--GENERAL INFORMATION | |
| fixed length control field | 230607b xxu||||| |||| 00| 0 eng d |
| 082 ## - DEWEY DECIMAL CLASSIFICATION NUMBER | |
| Classification number | 342.02 |
| Item number | CON |
| 245 ## - TITLE STATEMENT | |
| Title | The Preliminary Report of the Committee of Experts on Constitutional Review Issued on the Publication of the Harmonized Draft Constitution |
| 260 ## - PUBLICATION, DISTRIBUTION, ETC. (IMPRINT) | |
| Place of publication, distribution, etc. | Nairobi,Kenya |
| Name of publisher, distributor, etc. | Committee of Experts on Constitutional Review |
| Date of publication, distribution, etc. | 2009 |
| 300 ## - PHYSICAL DESCRIPTION | |
| Extent | 75p |
| 942 ## - ADDED ENTRY ELEMENTS (KOHA) | |
| Source of classification or shelving scheme | Dewey Decimal Classification |
| Koha item type | Books |
| Withdrawn status | Lost status | Source of classification or shelving scheme | Damaged status | Not for loan | Home library | Current library | Date acquired | Total Checkouts | Full call number | Barcode | Date last seen | Price effective from | Koha item type |
|---|---|---|---|---|---|---|---|---|---|---|---|---|---|
| Dewey Decimal Classification | Bunge Tower Library | Bunge Tower Library | 06/07/2023 | 342.02 CON | 1000453 | 06/07/2023 | 06/07/2023 | Books |
